Robert Eggers Filmography - Statistics

General Stats
  • This quiz has been taken 13 times
  • The average score is 13 of 22
Answer Stats
Type Year Name % Correct
Film Director 2019 The Lighthouse
100%
Film Screenplay 2019 The Lighthouse
100%
Film Production 2019 The Lighthouse
100%
Film Director 2015 The Witch
100%
Film Screenplay 2015 The Witch
100%
Film Director 2022 The Northman
92%
Film Screenplay 2022 The Northman
92%
Film Production 2022 The Northman
92%
Film Director 2024 Nosferatu
83%
Film Screenplay 2024 Nosferatu
83%
Film Production 2024 Nosferatu
83%
Film Director 2026 Werwulf
58%
Film Screenplay 2026 Werwulf
58%
Film Production 2026 Werwulf
58%
Short Film Director 2015 Brothers
8%
Short Film Screenplay 2015 Brothers
8%
Short Film Director 2007 Hansel & Gretel
8%
Short Film Screenplay 2007 Hansel & Gretel
8%
Short Film Director 2008 The Tell-Tale Heart
8%
Short Film Screenplay 2008 The Tell-Tale Heart
8%
Web Series Appearance 2016 Electric Shorts
0%
Short Documentary Appearance 2016 Over the Bridge
0%
No matching quizzes found
Score Distribution
Percent of People with Each Score
Percentile by Number Answered
Your Score History
You have not taken this quiz